000
00180nam a2200073Ia 4500
008
170817s9999 xx 000 0 und d
100
_a
NAGPAL
245
0
_a
ENCYCLOPAEDIA OF EDUCATION RESEARH
260
_b
ANMOL PUB.
999
_c
38080
_d
38080